| 000 | 00417nam a2200169 a 4500 | ||
|---|---|---|---|
| 001 | 2153 | ||
| 005 | 20140414131925.0 | ||
| 008 | 010215s19uu xx 00 eng d | ||
| 050 |
_aER _bW89 |
||
| 245 |
_aWords at home / _cpictures by Sumiko Murayama. |
||
| 260 |
_aTokyo : _bFroebel-kan. |
||
| 300 | _a16 p. : ill. ; cm. | ||
| 440 | _aPeewee Series | ||
| 650 | _aWords. | ||
| 650 | _aSpelling. | ||
| 999 |
_c111962 _d111962 |
||